000 00707cam a22002534a 4500
001 17174433
005 20180309072004.0
008 120221s2012 caua b 001 0 eng
010 _a 2012933742
020 _a9780840029126 (pbk.)
020 _a0840029128 (pbk.)
040 _aDLC
_cDLC
_dDLC
041 _aeng
042 _apcc
080 _a321
082 _2321 SEG
100 1 _a20
101 _aSHP
245 1 0 _aSocial welfare policy and social programs /
_cElizabeth Segal.
504 _aIncludes bibliographical references and index.
906 _a7
_bcbc
_corigres
_d2
_encip
_f20
_gy-gencatlg
942 _2ddc
_cBK
999 _c44571
_d44571